Science Quiz

Random Science Quiz
Score 0/10 Timer 03:00
0 Plays Today
Breed % Correct
Clydesdale
91%
Clydesdale
91%
Shire
82.8%
Shire
82.8%
Percheron
67.6%
Percheron
67.6%
Belgian Draft
45.5%
Belgian Draft
45.5%
Suffolk
34.5%
Suffolk
34.5%
Remove Ads.
Support Sporcle.
Get the best of Sporcle when you Go Orange. This ad-free experience offers more features, more stats, and more fun while also helping to support Sporcle. Thank you for becoming a member.

You're not logged in!

Compare scores with friends on all Sporcle quizzes.
OR
Log In

Sporcle TV

Today on Sporcle TV


Watch our educational content, quiz creation guides, and fun videos on Sporcle TV.

Show Comments

Extras

Top Quizzes Today


Score Distribution

Paid Content

Your Account Isn't Verified!

In order to create a playlist on Sporcle, you need to verify the email address you used during registration. Go to your Sporcle Settings to finish the process.

Report this User

Report this user for behavior that violates our Community Guidelines.

Details: